[Event "AUTO-ADV-4850"]
[Site "http://www.queenalice.com/game.php?id=1853355"]
[Date "2025.3.6"]
[Round "1"]
[White "wj64"]
[Black "BobFicha"]
[Result "0-1"]
[WhiteElo "1600"]
[BlackElo "1970"]

1. e4 e5 2. c3 Nf6 3. f3 c6 4. d4 exd4 5. Qxd4 c5 6. Qa4 Nc6 7. c4 Nd4 8. Be3
Qb6 9. Bc1 Bd6 10. Qd1 Qb4+ 11. Nc3 Be5 12. Bd3 O-O 13. Ne2 Nxe2 14. Qxe2 Bxc3+
15. bxc3 Qxc3+ 16. Qd2 Qxa1 17. O-O Qd4+ 18. Kh1 Qd6 19. Re1 Re8 20. e5 Rxe5 21.
Rxe5 Qxe5 22. Bb2 Qe6 23. h3 b5 24. Qc2 a6 25. cxb5 axb5 26. Bxb5 Qe1+ 27. Kh2
d6 28. a4 Qh4 29. Bxf6 Qxf6 30. Qe2 Qe5+ 31. Qxe5 dxe5 32. Bc6 Ra6 33. Bb5 c4
34. Bxc4 Rxa4 35. Bd5 Rd4 36. Be4 g6 37. Kg3 f5 38. Bb1 h5 39. h4 Ba6 40. Bc2
Bf1 41. Bb3+ Kg7 42. Kf2 Bc4 43. Ba4 Rxh4 44. Kg3 Rh1 45. f4 e4 46. Kf2 Rf1+ 47.
Ke3 h4 48. Kd4 Rxf4 49. Kxc4 e3+ 50. Kd3 Rxa4 51. Kxe3 Rg4 52. Kf2 Rg3 53. Kg1
f4 54. Kh2 f3 55. gxf3 Rxf3 56. Kg2 Ra3 57. Kh2 h3 58. Kh1 Ra2 59. Kg1 g5 0-1

[Event "AUTO-ADV-4850"]
[Site "http://www.queenalice.com/game.php?id=1853356"]
[Date "2025.3.6"]
[Round "1"]
[White "BobFicha"]
[Black "wj64"]
[Result "1-0"]
[WhiteElo "1942"]
[BlackElo "1604"]

1. e4 e5 2. Nf3 Nc6 3. Bc4 Nf6 4. d3 Bb4+ 5. c3 Bc5 6. d4 exd4 7. cxd4 Bb6 8.
O-O O-O 9. Bg5 Qe7 10. e5 Nxe5 11. dxe5 Qc5 12. Bxf7+ Rxf7 13. exf6 gxf6 14. Be3
Qb5 15. b3 Bxe3 16. fxe3 d6 17. Nbd2 Qe8 18. Re1 Rg7 19. Qc2 Qg6 20. Qxg6 Rxg6
21. Rac1 Rg7 22. Kf2 d5 23. e4 c6 24. exd5 cxd5 25. Re8+ Kf7 26. Rexc8 Rxc8 27.
Rxc8 Kg6 28. Rd8 Rc7 29. Rxd5 Rc2 30. a4 b6 31. g4 h6 32. h4 a6 33. Rd6 b5 34.
a5 Ra2 35. Rxa6 Rc2 36. Rb6 h5 37. gxh5+ Kxh5 38. Rxb5+ Kg4 39. h5 f5 40. h6 Rc7
41. a6 Kh5 42. Rb7 Rc8 43. h7 Kh6 44. a7 Ra8 45. Rb8 1-0

[Event "Challenge"]
[Site "http://www.queenalice.com/game.php?id=1855556"]
[Date "2025.4.15"]
[Round "-"]
[White "Richardlim"]
[Black "wj64"]
[Result "1-0"]
[WhiteElo "2028"]
[BlackElo "1602"]

1. c4 c5 2. Nc3 Nc6 3. g3 Nf6 4. Bg2 Ne5 5. d3 Qb6 6. Nf3 d6 7. Nxe5 dxe5 8. O-O
Bd7 9. Nd5 Nxd5 10. Bxd5 e6 11. Be4 Bd6 12. b3 f5 13. Bf3 g6 14. Bb2 Rf8 15. Qd2
Be7 16. Bxe5 Bf6 17. Bxf6 Rxf6 18. Qc3 Kf7 19. Rad1 Rd8 20. d4 Ke7 21. dxc5 Qxc5
22. Bxb7 g5 23. Rd2 Qb6 24. Bg2 g4 25. Rfd1 Rf7 26. e3 a5 27. c5 Qc7 28. c6 Be8
29. Rxd8 Bxc6 30. Bxc6 Qxd8 31. Qc5+ 1-0

[Event "Challenge"]
[Site "http://www.queenalice.com/game.php?id=1855557"]
[Date "2025.4.15"]
[Round "-"]
[White "wj64"]
[Black "Richardlim"]
[Result "0-1"]
[WhiteElo "1628"]
[BlackElo "1871"]

1. e4 c5 2. c4 Nc6 3. Ne2 g6 4. a3 Bg7 5. Nbc3 d6 6. d3 Bg4 7. f3 Bd7 8. Be3 Nf6
9. Nb5 O-O 10. Bg5 a6 11. Nbc3 Rb8 12. Be3 b5 13. cxb5 axb5 14. Nd5 Nxd5 15.
exd5 Na7 16. Qc1 Nc8 17. Bh6 Nb6 18. Nc3 Bc8 19. Nxb5 Nxd5 20. a4 Nc7 21. Bxg7
Kxg7 22. Na7 Bd7 23. Be2 Rb7 24. Qc3+ f6 25. Nb5 Bxb5 26. axb5 Nxb5 27. Qc1 Nd4
28. Bd1 Qb6 29. Qd2 Qxb2 30. Qxb2 Rxb2 31. Kf1 Rfb8 32. h4 Rb1 33. Rxb1 Rxb1 34.
Kf2 d5 35. Kg3 e6 36. Re1 Nf5+ 37. Kg4 e5 38. Kh3 d4 39. g4 Ne3 40. g5 Rxd1 41.
gxf6+ Kxf6 42. Rxd1 Nxd1 43. Kg2 Nb2 44. Kf2 Nxd3+ 45. Ke2 c4 46. Kd2 Nf4 47.
Kc2 Ng2 48. Kd2 Nxh4 0-1

[Event "Challenge"]
[Site "http://www.queenalice.com/game.php?id=1856049"]
[Date "2025.4.23"]
[Round "-"]
[White "wj64"]
[Black "chyco"]
[Result "1-0"]
[WhiteElo "1587"]
[BlackElo "1603"]

1. c4 c6 2. Nc3 e6 3. Nf3 c5 4. e4 h6 5. e5 g5 6. d4 b6 7. d5 Bg7 8. d6 Nc6 9.
g4 Nxe5 10. Nxe5 Bxe5 11. Bg2 Rb8 12. Nb5 a5 13. a4 Bb7 14. f3 Nf6 15. Qb3 O-O
16. h4 Bf4 17. Bxf4 gxf4 18. g5 Nh5 19. Nc7 Ng3 20. Rh3 Nf5 21. Qxb6 Ba8 22.
Qxc5 Rxb2 23. Kf1 Ne3+ 24. Ke1 Nxg2+ 25. Kf1 Ne3+ 26. Kg1 Qb8 27. Nb5 Rc2 28.
gxh6 Rxc4 29. Qg5+ Kh8 30. Qg7# 1-0

[Event "Challenge"]
[Site "http://www.queenalice.com/game.php?id=1856050"]
[Date "2025.4.23"]
[Round "-"]
[White "chyco"]
[Black "wj64"]
[Result "1-0"]
[WhiteElo "1586"]
[BlackElo "1604"]

1. e3 d5 2. c3 c5 3. g4 Qd7 4. h3 e6 5. b3 Nf6 6. Nf3 Bd6 7. a4 Ne4 8. d3 Nf6 9.
d4 Ne4 10. Bb5 Nc6 11. Rg1 g5 12. Nfd2 a6 13. Bd3 Qc7 14. c4 Nf6 15. Nf3 h6 16.
cxd5 exd5 17. dxc5 Bxc5 18. Bb2 Qd6 19. Bc3 Bb4 20. Kf1 Bxc3 21. Nxc3 Nb4 22.
Nd4 Qe5 23. a5 Nxd3 24. Qxd3 O-O 25. Re1 Ne4 26. f3 Nc5 27. Qd2 Qg3 28. Rxg3 Bd7
29. Nxd5 Ne6 30. Nf5 Kh7 31. Nf6+ Kh8 32. Nxd7 Rfd8 33. Qc3+ Kg8 34. Rd1 Rac8
35. Ne7+ 1-0

[Event "Capixaba789-3"]
[Site "http://www.queenalice.com/game.php?id=1856574"]
[Date "2025.5.2"]
[Round "5"]
[White "wj64"]
[Black "Pumpernickel"]
[Result "0-1"]
[WhiteElo "1622"]
[BlackElo "2176"]

1. e4 e5 2. Bc4 Nf6 3. Qf3 d5 4. exd5 e4 5. Qb3 Bd6 6. Be2 O-O 7. c4 Re8 8. Nc3
c6 9. dxc6 Nxc6 10. h3 Ne5 11. Nb5 Nd3+ 12. Bxd3 exd3+ 13. Kf1 Qe7 14. Qd1 Bd7
15. Nxd6 Qxd6 16. Nf3 Re2 17. Qb3 Qc5 18. Kg1 Qxf2+ 0-1

[Event "Let's Play Chess!"]
[Site "http://www.queenalice.com/game.php?id=1860434"]
[Date "2025.7.25"]
[Round "-"]
[White "igor12345"]
[Black "wj64"]
[Result "0-1"]
[WhiteElo "1967"]
[BlackElo "1783"]

1. e4 e5 2. f4 Nc6 3. Nf3 exf4 4. d4 g5 5. h3 d5 6. e5 Bh6 7. c4 Be6 8. c5 Nge7
9. Bb5 Bd7 10. Nc3 Be6 11. Nh2 a6 12. Ba4 b5 13. Bb3 b4 14. Ne2 Nf5 15. Ng4 Bg7
16. Ba4 Qd7 17. a3 a5 18. axb4 axb4 19. Bd2 f3 20. gxf3 Rb8 21. Bxg5 h6 22. Bf6
Kf8 23. Rg1 Rh7 24. Kf2 Nfe7 25. Bc2 Bf5 26. Bxg7+ Rxg7 27. Nf6 Qe6 28. Rxg7
Kxg7 29. Qg1+ Bg6 30. Nf4 Qc8 31. Qg2 Nxd4 32. Bxg6 Nxg6 33. h4 Qf5 34. Nxg6
Qc2+ 35. Kf1 Qd3+ 36. Kf2 Qe2+ 37. Kg3 Qxg2+ 38. Kxg2 Kxg6 39. Kg3 c6 40. f4 Kf5
41. Ra7 Ne2+ 42. Kf3 Nd4+ 43. Ke3 Nb5 44. Rxf7 Kg6 45. e6 d4+ 46. Ke4 d3 47. Nd7
d2 48. Ne5+ Kh5 49. Rd7 Kxh4 50. Rxd2 Re8 51. f5 Kg3 52. Nxc6 Nc7 53. Nxb4 h5
54. Rd7 Nb5 55. c6 h4 56. Nd5 h3 57. Rg7+ Kf2 58. e7 h2 59. Rh7 Kg2 60. f6 h1=Q
61. Rxh1 Kxh1 62. Ke5 Na7 63. Kd6 Kg2 64. c7 Nc8+ 65. Kd7 Rh8 66. e8=Q Rxe8 67.
Kxe8 Kf3 68. Kd7 Na7 0-1

[Event "Let's Play Chess!"]
[Site "http://www.queenalice.com/game.php?id=1860435"]
[Date "2025.7.25"]
[Round "-"]
[White "wj64"]
[Black "igor12345"]
[Result "0-1"]
[WhiteElo "1725"]
[BlackElo "2032"]

1. e4 c5 2. Bc4 Nc6 3. c3 Nf6 4. Qb3 e6 5. d3 Be7 6. Bg5 a6 7. Qc2 d5 8. exd5
exd5 9. Bb3 O-O 10. Nf3 h6 11. Bd2 Bf5 12. Nh4 Bh7 13. c4 d4 14. Qd1 Nd7 15. Nf3
Nde5 16. Bc2 Nxd3+ 17. Bxd3 Bxd3 18. Qb3 Bxb1 19. Rxb1 Qc7 20. a3 b6 21. Qd1 Ne5
22. Bf4 Bd6 23. Rc1 Nxf3+ 24. gxf3 Bxf4 25. Rb1 Rfe8+ 26. Kf1 Re6 27. Qd3 Rae8
28. Kg2 Rg6+ 29. Kf1 Bxh2 30. f4 Bxf4 31. Re1 Rge6 32. Rd1 Rf6 33. Re1 Rxe1+ 34.
Kxe1 Qb7 35. Qh3 b5 36. Kd1 bxc4 37. Kc2 Qb3+ 38. Qxb3 cxb3+ 39. Kd3 Bc7 40. Rf1
Bg3 41. Ke2 Bh4 42. f3 c4 43. Rh1 Bg5 44. Kf2 Re6 45. Kg3 Re2 46. f4 Bf6 47. Rb1
a5 48. a4 Be7 49. Kf3 Re3+ 50. Kf2 Bh4+ 51. Kg2 d3 52. Rc1 d2 53. Rd1 Be1 54.
Rb1 c3 55. bxc3 Rxc3 56. Rd1 Rc1 0-1

[Event "AUTO-ADV-4884"]
[Site "http://www.queenalice.com/game.php?id=1861399"]
[Date "2025.8.10"]
[Round "1"]
[White "wj64"]
[Black "jagiellonczyk"]
[Result "0-1"]
[WhiteElo "1737"]
[BlackElo "2104"]

1. e4 e5 2. Bc4 Nf6 3. Qf3 Nc6 4. c3 Bc5 5. b4 Bb6 6. b5 Ne7 7. Ba3 O-O 8. Nh3
d6 9. Ng5 Ng6 10. h3 h6 11. Nxf7 Rxf7 12. d3 Qe7 13. Bxf7+ Qxf7 14. Bc1 Be6 15.
Qe2 Rf8 16. Ba3 Nf4 0-1

[Event "AUTO-ADV-4884"]
[Site "http://www.queenalice.com/game.php?id=1861400"]
[Date "2025.8.10"]
[Round "1"]
[White "jagiellonczyk"]
[Black "wj64"]
[Result "1-0"]
[WhiteElo "2105"]
[BlackElo "1735"]

1. e4 e5 2. Nf3 Nc6 3. Nc3 Nge7 4. Bc4 d6 5. h3 a6 6. O-O g6 7. Ng5 Be6 8. Bxe6
fxe6 9. Nxe6 Qd7 10. Ng5 Ng8 11. d3 Nd4 12. Be3 Bh6 13. Nd5 Bxg5 14. Bxg5 h6 15.
Bf6 Rb8 16. Bxh8 1-0

[Event "AUTO-ADV-4884"]
[Site "http://www.queenalice.com/game.php?id=1861401"]
[Date "2025.8.10"]
[Round "1"]
[White "wj64"]
[Black "Castling"]
[Result "0-1"]
[WhiteElo "1806"]
[BlackElo "1899"]

1. e4 e5 2. Nc3 a6 3. Bc4 Nf6 4. Qf3 Bb4 5. Nd5 Be7 6. Nxf6+ Bxf6 7. Nh3 h6 8.
d3 Nc6 9. Be3 d6 10. Qh5 Qe7 11. Qf3 Be6 12. a3 Bxc4 13. dxc4 O-O-O 14. c3 Qe6
15. b3 Na5 16. Qd1 Be7 17. Qd5 Nxb3 18. Rb1 Qxd5 19. cxd5 Nc5 20. Bxc5 dxc5 21.
Rd1 Bd6 22. c4 g6 23. O-O Kd7 24. f3 g5 25. g4 b5 26. cxb5 axb5 27. Rb1 c6 28.
dxc6+ Kxc6 29. Nf2 c4 30. Ra1 Bc5 31. Kg2 Rd2 32. a4 Rb8 33. a5 c3 34. Rac1 c2
35. Kg3 Ba3 36. Nd3 Bxc1 37. Nb4+ Kc5 38. Na6+ Kc4 39. Nxb8 Rd1 40. Rf2 Bf4+ 41.
Kg2 c1=Q 0-1

[Event "AUTO-ADV-4884"]
[Site "http://www.queenalice.com/game.php?id=1861402"]
[Date "2025.8.10"]
[Round "1"]
[White "Castling"]
[Black "wj64"]
[Result "1-0"]
[WhiteElo "1872"]
[BlackElo "1794"]

1. e4 e5 2. Bc4 Nf6 3. d3 Bc5 4. h3 c6 5. Nc3 Bb4 6. Bd2 d5 7. Bb3 d4 8. Na4
Bxd2+ 9. Qxd2 b5 10. Nc5 Nh5 11. Nf3 Nd7 12. Nxd7 Bxd7 13. Nxe5 Be6 14. Nxc6 Qc7
15. Bxe6 Qxc6 16. Bd5 Qc8 17. Bxa8 Qxa8 18. O-O-O O-O 19. g4 Nf6 20. f4 g6 21.
g5 Nh5 22. Rhg1 Qc8 23. h4 Qe6 24. Rde1 Qd6 25. a3 Qxf4 26. Qxf4 Nxf4 27. Rgf1
Nh5 28. e5 Ng7 29. Re4 Ne6 30. Rf6 a5 31. Kd2 a4 32. Ke2 Kg7 33. Kf3 Rc8 34. Re2
Kf8 35. Ke4 Rc5 36. Ref2 Rc7 37. Rxe6 Rd7 38. Rb6 Kg7 39. Rxb5 h6 40. Rb4 hxg5
41. hxg5 Rd8 42. Rxa4 Rb8 43. Rxd4 Rxb2 44. Rf6 Rb7 45. Rdd6 Rc7 46. c4 Ra7 47.
d4 Re7 48. e6 Rxe6+ 49. Rfxe6 fxe6 50. Rxe6 Kf7 51. Ke5 Kg7 52. d5 Kf8 53. d6
1-0

[Event "AUTO-ADV-4884"]
[Site "http://www.queenalice.com/game.php?id=1861403"]
[Date "2025.8.10"]
[Round "1"]
[White "wj64"]
[Black "jpribeiro"]
[Result "1-0"]
[WhiteElo "1719"]
[BlackElo "1646"]

1. e4 c5 2. Nc3 a6 3. Bc4 b5 4. Bd5 Ra7 5. Qf3 e6 6. d3 exd5 7. Nxd5 Nc6 8. Nh3
Nd4 9. Qd1 h6 10. c3 Nc6 11. Nhf4 d6 12. c4 bxc4 13. dxc4 Qa5+ 14. Bd2 Qd8 15.
Qa4 Bd7 16. Qc2 Nd4 17. Qd3 g5 18. Nh5 Be7 19. O-O Bf8 20. Bc3 1-0

[Event "Let's Play Chess!"]
[Site "http://www.queenalice.com/game.php?id=1861545"]
[Date "2025.8.13"]
[Round "-"]
[White "igor12345"]
[Black "wj64"]
[Result "1-0"]
[WhiteElo "2091"]
[BlackElo "1721"]

1. e4 e5 2. f4 exf4 3. Nf3 Qe7 4. Nc3 Nc6 5. Bb5 Ne5 6. O-O c6 7. Ba4 b5 8. Bb3
d6 9. d4 Ng6 10. e5 d5 11. Ne2 Bg4 12. Nxf4 Nh4 13. Nd3 Nxf3+ 14. Rxf3 g6 15.
Qf1 Bxf3 16. Qxf3 Bg7 17. Bd2 Qe6 18. Rf1 O-O-O 19. Nc5 Qf5 20. Qxf5+ gxf5 21.
Rxf5 f6 22. e6 Ne7 23. Rf2 Nf5 24. Rxf5 Rd6 25. a4 bxa4 26. Bxa4 Kb8 27. Bf4 Kc7
28. Bg3 Rd8 29. e7 Re8 30. Ne6+ Kd7 31. Nxg7 Rxe7 32. Bxd6 Rxg7 33. Rxf6 a5 34.
Be5 Re7 35. Bxc6+ Kd8 36. Rd6+ Kc8 37. Bxd5 Rd7 38. Be6 h5 39. Rxd7 a4 40. Ra7+
Kd8 41. c4 1-0

[Event "Let's Play Chess!"]
[Site "http://www.queenalice.com/game.php?id=1861546"]
[Date "2025.8.13"]
[Round "-"]
[White "wj64"]
[Black "igor12345"]
[Result "1-0"]
[WhiteElo "1758"]
[BlackElo "1992"]

1. c4 e5 2. e4 Nf6 3. Qc2 c5 4. Nc3 Be7 5. Nf3 Nc6 6. a3 d6 7. Qa4 Bd7 8. Qd1
O-O 9. d3 Ne8 10. Nd5 f5 11. Be2 f4 12. Qd2 Nc7 13. Nxc7 Qxc7 14. Qc3 a6 15. h3
Rac8 16. Bd2 b5 17. cxb5 axb5 18. Bd1 Be6 19. Bb3 Qd7 20. Bd1 d5 21. Nxe5 Nxe5
22. Qxe5 Bd6 23. Qh5 Bf7 24. Qf3 dxe4 25. dxe4 Bc4 26. Be2 Bxe2 27. Qxe2 Rce8
28. f3 Be5 29. Rb1 c4 30. Bb4 Rf7 31. O-O Qa7+ 32. Kh1 Rd7 33. Rbd1 Red8 34. Rd5
Rxd5 35. exd5 Rxd5 36. Qe4 Qd7 37. Kh2 Bc7 38. Bc3 Rf5 39. Bb4 h6 40. Bc3 Rf8
41. Re1 Bb6 42. Qg6 1-0

[Event "AUTO-INT-3916"]
[Site "http://www.queenalice.com/game.php?id=1861830"]
[Date "2025.8.20"]
[Round "2"]
[White "Carlos19"]
[Black "wj64"]
[Result "1-0"]
[WhiteElo "1604"]
[BlackElo "1781"]

1. e4 e5 2. Nf3 Nc6 3. Bc4 Bc5 4. d3 Nf6 5. Bg5 Bd4 6. Nxd4 exd4 7. O-O O-O 8.
Bd5 Qe8 9. Bxc6 dxc6 10. Bxf6 gxf6 11. b4 Qe5 12. f4 Qe6 13. f5 Qe5 14. Qg4+ Kh8
15. Rf3 Rg8 16. Qf4 Qe7 17. Qh4 Qf8 18. Qxf6+ Rg7 19. Qxd4 f6 20. Nc3 Rg8 21. e5
Qg7 22. Rg3 Qf7 23. Rxg8+ Kxg8 24. Qg4+ Kh8 25. e6 Qg7 26. h3 b5 27. Qxg7+ Kxg7
28. g4 Bb7 29. a4 a6 30. axb5 axb5 31. Rxa8 Bxa8 32. Ne4 Bb7 33. h4 Bc8 34. Nc5
Kf8 35. h5 h6 36. Ne4 Ke7 37. c4 bxc4 38. dxc4 Ba6 39. c5 Be2 40. Nf2 Bf3 41.
Kh2 Be2 42. Kg3 Bc4 43. Ne4 Bd3 44. Kf4 Bc2 45. Nc3 Bb3 46. b5 cxb5 47. Nxb5 c6
48. Nd4 Ba4 49. Kg3 Kd8 50. Ne2 Ke7 51. Nd4 Bd1 52. Nxc6+ Ke8 53. Na7 Ba4 54.
Kf4 Ke7 55. Ke4 1-0

[Event "AUTO-INT-3916"]
[Site "http://www.queenalice.com/game.php?id=1861831"]
[Date "2025.8.20"]
[Round "2"]
[White "wj64"]
[Black "Carlos19"]
[Result "0-1"]
[WhiteElo "1758"]
[BlackElo "1627"]

1. e4 e5 2. Qf3 Nf6 3. d3 Bc5 4. Nc3 d6 5. Bg5 h6 6. Bh4 Bg4 7. Qg3 g5 8. Be2
gxh4 9. Qxh4 Bxe2 10. Ngxe2 Nc6 11. Nd5 Nxd5 12. Qxd8+ Rxd8 13. exd5 Nd4 14.
Nxd4 Bxd4 15. c3 Bb6 16. O-O f5 17. c4 Bd4 18. Rab1 f4 19. b3 Rg8 20. Rbd1 f3
21. g3 h5 22. h4 a5 23. a4 c5 24. Kh2 b6 25. Kh3 Rd7 26. Rd2 Re7 27. Rh1 Rf7 28.
Rg1 Re7 29. g4 Reg7 30. g5 Rf7 31. Rg3 Bc3 32. Rc2 Bd4 33. Rd2 Ke7 34. Kh2 Rf4
35. Rd1 Bxf2 36. Rh3 Rxh4 37. Rxh4 Bxh4 38. Rf1 Rf8 39. g6 Rg8 40. Rxf3 Rxg6 41.
Rf5 Rg5 42. Rf1 Rg3 43. Rd1 Rf3 44. Kg2 Rf2+ 45. Kh3 Bf6 46. Kg3 Rb2 47. Kf3
Rxb3 48. Ke4 Kf7 49. Ra1 h4 50. Ra2 Kg6 51. Rg2+ Kh5 52. Kf5 Bd8 53. Ke6 Rxd3
0-1